| 000 | 00472nam a2200145 i 4500 | ||
|---|---|---|---|
| 001 | 29559 | ||
| 003 | ES-MaACL | ||
| 005 | 20230906154043.0 | ||
| 007 | t| | ||
| 008 | 030122s1881 mx ||||1| spa d | ||
| 100 | 1 |
_aBarreda, G. _925879 |
|
| 245 | 1 | 0 |
_aDocumento interesantísimo que en forma epistolar expone los fundamentos de la Ley de Instrucción Pública vigente / _cG. Barreda. |
| 260 |
_aMéxico : _b[s.n., _c1881] ( _fTip. de I. Paz) |
||
| 852 |
_aES-MaACL _j1550-F-11 |
||
| 999 |
_c29559 _d29559 |
||